1521 1964 1567 1664 1292 1984 1300 1666 1213 1194 1642 1391 1011 1652 1552 1865 1371 1378 1487 1167 1434 1850 1751 1190 1527 1274 1721 1662 1437 1484 1980 1062 1176 1289 1482 1443 1608 1652 1809 1323 1227 1505 1263 1680 1481 1689 1512 1812 1191 1353 1557 1590 1089 1523 1084 1234 1444 1260 1907 1407 1103 1848 1847 1305 1760 1711 1453 1482 1543 1440 1852 1940 1413 1003 1139 1707 1506 1859 1214 1390 1821 1291 1402 1817 1778 1573 1932 1925 1711 1665 1339 1092 1927 1198 1114 1114 1690 1208 1178 BCNSPRNW ULIB Ver.6.0+V

เปลี่ยนเป็นภาษาไทย

Change to English
 แสดงรายละเอียดบรรณานุกรม
  กลับหน้าหลัก

Brief Record : Get Marc (ISO 2709) : E-mail record : QR code < ปิดหน้าต่าง
LEADER : 00000nam 2200000uu 4500
001    13399115121
003     ULIB
008    120710s2552||||th 000 0 tha d
020    ^a9786115210084
090    ^aนว.^bม290ผ 2552
100 0  ^aมักเน
245 00 ^aแผนรัก..ลิขิตใจ/^cมักเน
250    ^aพิมพ์ครั้งที่ 1
260    ^aกรุงเทพฯ :^bมธุรดา,^c2552
300    ^a346 หน้า
945    ^p0^l0^i15769
995    ^aกัณชพร
999    ^aใช้งานได้ทุกระบบ
รายการนี้ยังไม่มีแท็ก
คุณยังไม่ได้ล็อกอิน คุณสามารถมีกิจกรรมร่วมกับเว็บไซต์ได้ แต่ต้องล็อกอินก่อน ::
  ล็อกอิน

รายการสื่อสารสนเทศ

ลำดับที่ ประเภท เลขเรียก/บาร์โค้ด สถานที่ สถานะ
1. นวนิยาย
นวนิยาย
นว. ม290ผ 2552  
  Barcode: 15769
ห้องสมุดวิทยาเขตสวรรค์ประชารักษ์
►นวนิยาย
บนชั้น
  ขอยืม

รายการใกล้เคียง
    ผู้แต่ง [มักเน]

BibComment


ยังไม่เคยถูกคอมเมนท์

คอมเมนท์ทรัพยากรรายการนี้
  คอมเมนท์: แผนรักลิขิตใจ มั..


 Copyright 2026. Bcnsprnw @Library